<?xml version="1.0" encoding="UTF-8"?>
<record
    xmlns:xsi="http://www.w3.org/2001/XMLSchema-instance"
    xsi:schemaLocation="http://www.loc.gov/MARC21/slim http://www.loc.gov/standards/marcxml/schema/MARC21slim.xsd"
    xmlns="http://www.loc.gov/MARC21/slim">

  <leader>00248nam a22001097a 4500</leader>
  <controlfield tag="003">SGT</controlfield>
  <datafield tag="022" ind1=" " ind2=" ">
    <subfield code="a">1381-3455</subfield>
  </datafield>
  <datafield tag="245" ind1=" " ind2=" ">
    <subfield code="a">ARCHIVES OF PHYSIOLOGY AND BIOCHEMISTRY </subfield>
  </datafield>
  <datafield tag="260" ind1=" " ind2=" ">
    <subfield code="a">GERMANY</subfield>
    <subfield code="b">TAYLOR &amp; FRANCIS</subfield>
    <subfield code="c">2015</subfield>
  </datafield>
  <datafield tag="310" ind1=" " ind2=" ">
    <subfield code="a">YEARLY </subfield>
  </datafield>
  <datafield tag="942" ind1=" " ind2=" ">
    <subfield code="2">ddc</subfield>
    <subfield code="c">LJ</subfield>
  </datafield>
  <datafield tag="952" ind1=" " ind2=" ">
    <subfield code="0">0</subfield>
    <subfield code="1">0</subfield>
    <subfield code="2">ddc</subfield>
    <subfield code="4">0</subfield>
    <subfield code="7">0</subfield>
    <subfield code="a">FM</subfield>
    <subfield code="b">FM</subfield>
    <subfield code="c">REF</subfield>
    <subfield code="d">2016-02-25</subfield>
    <subfield code="e">INNOVATIVE SUB. SERVICES</subfield>
    <subfield code="g">64195.00</subfield>
    <subfield code="h">VOLUME 121 ISSUES 1-5- 2015</subfield>
    <subfield code="i">SGTU</subfield>
    <subfield code="l">0</subfield>
    <subfield code="r">2016-02-25 00:00:00</subfield>
    <subfield code="w">2015-03-19</subfield>
    <subfield code="y">LJ</subfield>
    <subfield code="k">ISS/SGT/15/02</subfield>
  </datafield>
  <datafield tag="999" ind1=" " ind2=" ">
    <subfield code="c">8248</subfield>
    <subfield code="d">8248</subfield>
  </datafield>
</record>
